000
00317nam a2200121Ia 4500
005
20251222175937.0
008
251222s9999||||xx |||||||||||||| ||spa||
020
_a
8436808207
082
_a
351/N31
100
_a
Navas López, José Emilio
245
0
_a
Organización de la Empresa y Nuevas Tecnologías
942
_c
LIB
999
_c
41246
_d
41246